书目信息 |
| 书名: | Sociolinguistics = | |
| 作者: | R.A. Hudson著 ; 杜学增导读. | |
| 分册号: | ||
| 分册名: | 出版地: | 北京 : |
|
| 出版社: | 外语教学与研究出版社 | |
| 出版时间: | 2000. | |
| 页数: | 24, 284 p. : | |
| 开本: | 23 cm. | |
| 丛书名: | 当代国外语言学与应用语言学文库 | |
| 中图分类号: | ||
| 科图分类号: | ||
| 其他分类号: | H0 | |
| 主题词: | ||
| 电子资源: | ||
| 000 | 02023cam a2200805 a 4500 | |
| 001 | E0733721996 | |
| 003 | CAL | |
| 005 | 20070819092354.06 | |
| 008 | 950925r20001996cc a rb 001 0 eng d | |
| 020 | @a978-5-600-20075-3. | |
| 040 | @aECNU@cECN@dDUTL | |
| 050 | 4 | @aP40@b.H8 1996 |
| 082 | 04 | @a306.4/4@220 |
| 090 | @aH0 | |
| 093 | @aH0@24 | |
| 094 | @a41.1@23 | |
| 099 | @dH0@ex154=2 | |
| 100 | 1 | @aHudson, Richard A. |
| 245 | 10 | @aSociolinguistics = :@b社会语言学教程 / @cR.A. Hudson著 ; 杜学增导读. |
| 246 | 31 | @a社会语言学教程 |
| 250 | @a2nd ed. | |
| 260 | @a北京 :@b外语教学与研究出版社,@c2000. | |
| 300 | @a24, 284 p. :@bill. ;@c23 cm. | |
| 440 | 0 | @a当代国外语言学与应用语言学文库 |
| 504 | @aIncludes bibliographical references (p. 258-270) and index. | |
| 534 | @pReprint. Originally published:@cCambridge : Cambridge University Press, 1996., 2nd ed. | |
| 650 | 0 | @aSociolinguistics. |
| 700 | 1 | @aDu, Xuezeng@9(杜学增) |
| 920 | @a211010@z1 | |
| 920 | @a232010@z1 | |
| 920 | @a242020@z1 | |
| 920 | @a231010@z1 | |
| 920 | @a243160@z1 | |
| 920 | @a211030@z2 | |
| 920 | @a244020@z2 | |
| 920 | @a231220@z2 | |
| 920 | @a244050@z2 | |
| 920 | @a242120@z2 | |
| 920 | @a214010@z2 | |
| 920 | @a212010@z2 | |
| 920 | @a211410@z1 | |
| 920 | @a231280@z2 | |
| 920 | @a237010@z1 | |
| 920 | @a211050@z2 | |
| 920 | @a211060@z1 | |
| 920 | @a237385@z2 | |
| 920 | @a211260@z1 | |
| 920 | @a215010@z2 | |
| 920 | @a243040@z1 | |
| 920 | @a211162@z1 | |
| 920 | @a246060@z0 | |
| 920 | @a251430@z2 | |
| 920 | @a222220@z1 | |
| 920 | @a246010@z1 | |
| 920 | @a236010@z2 | |
| 920 | @a241061@z1 | |
| 920 | @a221060@z1 | |
| 920 | @a223140@z1 | |
| 920 | @a211270@z1 | |
| 920 | @a222020@z2 | |
| 920 | @a211340@z1 | |
| 920 | @a211390@z1 | |
| 920 | @a242250@z2 | |
| 920 | @a221020@z1 | |
| 920 | @a246040@z1 | |
| 920 | @a242010@z1 | |
| 920 | @a261020@z1 | |
| 920 | @a211020@z1 | |
| 920 | @a222010@z1 | |
| 998 | @aECN | |
| Sociolinguistics = : : 社会语言学教程 / / R.A. Hudson著 ; 杜学增导读.-2nd ed.-北京 : : 外语教学与研究出版社, , 2000. |
| 24, 284 p. : : ill. ; ; 23 cm.- (当代国外语言学与应用语言学文库) |
| Includes bibliographical references (p. 258-270) and index. |
| ISBN 978-5-600-20075-3. |
| ● |
| 相关链接 |
|
|
|
|
正题名:Sociolinguistics =
索取号:H0/x154=2
 
预约/预借
| 序号 | 登录号 | 条形码 | 馆藏地/架位号 | 状态 | 备注 |
| 1 | 16858 | 300168583 | 第二样本阅览室/ [索取号:H0/x154=2] | 在馆 | |
| 2 | 16859 | 300168592 | 第四借阅区/ [索取号:H0/x154=2] | 在馆 | |
| 3 | 16860 | 300168609 | 第四借阅区/ [索取号:H0/x154=2] | 在馆 | |
| 4 | 16861 | 300168618 | 第四借阅区/ [索取号:H0/x154=2] | 在馆 | |
| 5 | 16862 | 300168627 | 第四借阅区/ [索取号:H0/x154=2] | 在馆 |